Bharitya darshan ka vagyanik aadhar (Record no. 386843)
[ view plain ]
| 000 -LEADER | |
|---|---|
| fixed length control field | 00506 a2200193 4500 |
| 005 - DATE & TIME | |
| control field | 20250605113422.0 |
| 008 - FIXED-LENGTH DATA ELEMENTS--GENERAL INFORMATION | |
| fixed length control field | 250602b |||||||| |||| 00| 0 eng d |
| 020 ## - ISBN | |
| International Standard Book Number | 9788195825912 |
| Price | Rs. 695.00 |
| 040 ## - CATALOGING SOURCE | |
| Original cataloging agency | VIVEKANANDA LIBRARY |
| 082 ## - DDC NUMBER | |
| Classification number | 181.4 |
| Book Number | A36B |
| 100 ## - MAIN ENTRY--PERSONAL NAME | |
| Personal name | Ashok Kumar |
| 245 ## - TITLE STATEMENT | |
| Title | Bharitya darshan ka vagyanik aadhar |
| 260 ## - PUBLICATION, DISTRIBUTION, ETC. (IMPRINT) | |
| Place of publication, distribution, etc | Jaipur |
| Name of publisher, distributor, etc | Rachana Prakashan |
| Date of publication, distribution, etc | 2023 |
| 300 ## - PHYSICAL DESCRIPTION | |
| Pages | 344 |
| 650 ## - Subject | |
| Subject | Philosophy- Indic |
| 650 ## - Subject | |
| Subject | Science- Philosophy |
| 650 ## - Subject | |
| Subject | Philosophy and Science |
| 942 ## - ADDED ENTRY ELEMENTS (KOHA) | |
| Koha item type | Books |
| Withdrawn status | Lost status | Source of classification or shelving scheme | Damaged status | Not for loan | Location (home branch) | Sublocation or collection (holding branch) | Shelving location | Date acquired | Koha issues (times borrowed) | Koha full call number | Accession No. | Koha date last seen | Koha item type |
|---|---|---|---|---|---|---|---|---|---|---|---|---|---|
| Dewey Decimal Classification | VIVEKANANDA LIBRARY | VIVEKANANDA LIBRARY | Vivekananda Library | 24/04/2025 | 181.4 A36B | 436851 | 24/04/2025 | Books | |||||
| Dewey Decimal Classification | VIVEKANANDA LIBRARY | VIVEKANANDA LIBRARY | Vivekananda Library | 24/04/2025 | 181.4 A36B | 436850 | 24/04/2025 | Books |
